| 000 -LEADER |
| fixed length control field |
01271cam a2200277 i 4500 |
| 001 - CONTROL NUMBER |
| control field |
19992700 |
| 005 - DATE AND TIME OF LATEST TRANSACTION |
| control field |
20221108150727.0 |
| 008 - FIXED-LENGTH DATA ELEMENTS--GENERAL INFORMATION |
| fixed length control field |
170915s2018 nyu 000 0 eng |
| 020 ## - INTERNATIONAL STANDARD BOOK NUMBER |
| International Standard Book Number |
9780891286882x |
| 041 ## - LANGUAGE CODE |
| Language code of text/sound track or separate title |
eng |
| 080 ## - UNIVERSAL DECIMAL CLASSIFICATION NUMBER |
| Universal Decimal Classification number |
376.2 R-75 |
| 100 1# - MAIN ENTRY--PERSONAL NAME |
| Personal name |
Roman-Lantzy, Christine |
| Dates associated with a name |
|
| 9 (RLIN) |
11032 |
| 245 10 - TITLE STATEMENT |
| Title |
Cortical visual impairment : |
| Remainder of title |
an approach to assessment and intervention / |
| Statement of responsibility, etc. |
Christine Roman-Lantzy. |
| 250 ## - EDITION STATEMENT |
| Edition statement |
Second edition. |
| 264 #1 - PRODUCTION, PUBLICATION, DISTRIBUTION, MANUFACTURE, AND COPYRIGHT NOTICE |
| Place of production, publication, distribution, manufacture |
New York : |
| Name of producer, publisher, distributor, manufacturer |
AFB Press, American Foundation for the Blind, |
| Date of production, publication, distribution, manufacture, or copyright notice |
2018. |
| 300 ## - PHYSICAL DESCRIPTION |
| Extent |
260 pages ; |
| Dimensions |
28 cm. |
| 650 #0 - SUBJECT ADDED ENTRY--TOPICAL TERM |
| Topical term or geographic name entry element |
Children with visual disabilities |
| General subdivision |
Education. |
| 9 (RLIN) |
11033 |
| 650 #0 - SUBJECT ADDED ENTRY--TOPICAL TERM |
| Topical term or geographic name entry element |
Children with visual disabilities |
| General subdivision |
Rehabilitation. |
| 9 (RLIN) |
11034 |
| 650 #0 - SUBJECT ADDED ENTRY--TOPICAL TERM |
| Topical term or geographic name entry element |
Children with visual disabilities |
| General subdivision |
Services for |
| Geographic subdivision |
United States. |
| 9 (RLIN) |
11035 |
| 653 ## - INDEX TERM--UNCONTROLLED |
| keyword |
კორტიკალური მხედველობის დაქვეითება |
| 653 ## - INDEX TERM--UNCONTROLLED |
| keyword |
შეფასებისა და ჩარევის მიდგომა |
| 653 ## - INDEX TERM--UNCONTROLLED |
| keyword |
განათლება |
| 653 ## - INDEX TERM--UNCONTROLLED |
| keyword |
პედაგოგიკა |
| 653 ## - INDEX TERM--UNCONTROLLED |
| keyword |
მხედველობის შეზღუდული შესაძლებლობის მქონე ბავშვები |
| 942 ## - ADDED ENTRY ELEMENTS (KOHA) |
| Source of classification or shelving scheme |
|
| Koha item type |
წიგნი |